000 00547nam a2200205 a 4500
005 20140412111234.0
008 001118s19uu xx 00 eng d
020 _a0-394-80081-8
050 _aER
_bIf1
100 _aSeuss, Dr., 1904
245 _aIf I ran the zoo /
_cDr. Seuss.
260 _aNew York :
_bRandom House,
_c1950.
300 _a1 v. (unp.) ; col. ; ill.
440 _aBeginner Books
500 _aRenewed copyright, 1977
650 _aStories in rhyme
650 _aFantasy
650 _aChildren stories
999 _c102322
_d102322